La Recaudación de arbitrios municipales de la provincia de Barcelona : Ejercicio 1982 / Diputación de Barcelona. Servicio Provincial de Recaudación de Tributos del Estado y de Arbitrios Municipales Ejercicio 1982 / Diputación de Barcelona. Servicio Provincial de Recaudación de Tributos del Estado y de Arbitrios Municipales
MARC
| LEADER | 00000nam a2200000Ia 4500 | ||
|---|---|---|---|
| 001 | 7972 | ||
| 003 | BGR | ||
| 005 | 20260324175240.0 | ||
| 008 | 160829s9999 xx 000 0 cat d | ||
| 080 | |a M-2-42 | ||
| 245 | |a La Recaudación de arbitrios municipales de la provincia de Barcelona : |b Ejercicio 1982 / Diputación de Barcelona. Servicio Provincial de Recaudación de Tributos del Estado y de Arbitrios Municipales | ||
| 260 | |a Barcelona : |b [el Servei], DL 1983 | ||
| 300 | |a 207 p., 2 f. pleg. ; |c 24 cm | ||
| 650 | |a Barcelona. Diputació. Servei Províncial de Recaptació de Tributs de l'Estat i d'Arbitris Municipals |x Memòries |9 23060 | ||
| 650 | |a Impostos locals |x Recaptació |x Barcelona (Província) |9 46195 | ||
| 710 | 1 | |a Barcelona (Catalunya : Província). |b Diputació |b Servicio Provincial de Recaudación de Tributos del Estado y de Arbitrios Municipales |9 52408 | |
| 901 | |a Arxiu | ||
| 942 | |n 1 |2 udc |c MON | ||
| 952 | |0 0 |1 0 |4 0 |6 M242 |7 1 |9 42516 |a Arxiu |b Arxiu |d 2016-12-01 |l 0 |o M-2-42 |p 7972 |r 2016-12-01 00:00:00 |w 2016-12-01 |y ARXIU | ||
| 999 | |c 45021 |d 45021 | ||